000 00650nam a22002177a 4500
003 OSt
005 20140310183044.0
008 130227t xxu||||| |||| 00| 0 eng d
020 _a9781841764276
050 _aDS679
_b.M478 2003
082 _aF940.542599
_b.B497 2003
245 _aAmerican defenses of Corrigedor and Manila Bay 1898-1945 /
_cTerrance C. McGovern & Mark A. Berhow ; illustrated by C. Taylor
260 _aGreat Britain :
_bOsprey Publishing,
_cc2003
300 _a64 p.
_c25 cm.
504 _aIncludes index.
521 _aCollege
526 _c1210L-1700L
541 _j1
562 _e1
942 _2lcc
_cBK
_kFIL
999 _c18569
_d18569